000 01229nam0a2200337 4500
001 RU\NLR\BIBL_A\012405484
005 20201201134225.0
010 _a978-5-7205-1660-4
_92000
021 _aRU
_bКН-П-20-045148
_9КН-П-20-3448
035 _a(NLR Aleph) 012405484
035 _a(RuMoRGB)010391308
090 _a11747511
_c11747511
100 _a20201117d2021 u y0rusy50 ca
101 0 _arus
102 _aRU
105 _ay|||z|||000ay
181 0 _ai
_baxxe
182 0 _an
200 1 _aАлатырь-камень
_e[повести и рассказы]
_fЕ. Н. Полуэктов
203 _aТекст
_bвизуальный
_cнепосредственный
210 _aМосква
_cЮстицинформ
_d2021 [т. е. 2020]
215 _a283 с.
_d22
300 _aФактическая дата выхода в свет - 2020
327 1 _aСодерж.: Алатырь-камень; Боян; Жёлтый лист; Маша и Даша
686 2 _aШ6(2=Р)8-44
700 1 _aПолуэктов
_bЕ. Н.
_gЕвгений Николаевич
942 _cBOOK
980 _aNB